| Record ID | ia:completewebsitep0000king |
| Source | Internet Archive |
| Download MARC XML | https://archive.org/download/completewebsitep0000king/completewebsitep0000king_marc.xml |
| Download MARC binary | https://www.archive.org/download/completewebsitep0000king/completewebsitep0000king_meta.mrc |
LEADER: 01639cam 2200433Mi 4500
001 on1002211892
003 OCoLC
005 20220818195829.0
008 170818s2017 qea f 000 0 eng
040 $aAU@$beng$erda$cAU@$dOCLCF$dOCLCO$dOCLCQ$dOLDSC$dOCLCO
020 $a9780648053705
020 $a0648053709
035 $a(OCoLC)1002211892
042 $aanuc
050 4 $aTK5104
100 1 $aKing, Darryl,$eauthor.
245 14 $aThe complete website planning guide :$ba step by step guide for website owners and agencies on how to create a practical and successful scope of works for your next web design project /$cDarryl King.
264 1 $aAlbany Creek, Qld. :$bIreckon Publishing,$c2017.
300 $apages
336 $atext$btxt$2rdacontent
337 $aunmediated$bn$2rdamedia
338 $avolume$bnc$2rdacarrier
650 0 $aWeb site development$vHandbooks, manuals, etc.
650 0 $aWeb sites$xAuthoring programs.
650 0 $aWeb sites$xDesign.
650 0 $aWeb publishing.
650 6 $aSites Web$xDéveloppement$vGuides, manuels, etc.
650 6 $aSites Web$xSystèmes-auteur.
650 6 $aSites Web$xConception.
650 6 $aÉdition sur le Web.
650 7 $aWeb publishing.$2fast$0(OCoLC)fst01173231
650 7 $aWeb site development.$2fast$0(OCoLC)fst01173243
650 7 $aWeb sites$xAuthoring programs.$2fast$0(OCoLC)fst01173249
650 7 $aWeb sites$xDesign.$2fast$0(OCoLC)fst01173252
653 $aAustralian
655 7 $aHandbooks and manuals.$2fast$0(OCoLC)fst01423877
029 0 $aAU@$b000060667081
994 $aZ0$bIME
948 $hNO HOLDINGS IN IME - 13 OTHER HOLDINGS